000 00751nam a22002537a 4500
999 _c259575
_d259574
003 OSt
005 20221109120258.0
008 221109b xxu||||| |||| 00| 0 eng d
010 _a 77023907
020 _a 0534005411
040 _aDLC
_bEng
_cDLC
_dDLC
_erda
050 _aPR1175
_b.M25 1978
100 _a Main, C. F. |q (Charles Frederick),
_d 1921-
_e ed.
245 _aPoems : Wadsworth handbook and anthology /
_cC. F. Main, Peter J. Seng.
250 _a4th Edn.
260 _aBelmont, Calif. :
_bWadsworth Pub. Co.,
_cc1978.
300 _a xxxii, 490 p. ; .
_c22 cm.
500 _aIncludes indexes.
650 _2English poetry.
650 _2American poetry.
650 _2Poetics
700 _aSeng, Peter J.
942 _2lcc
_cBK